| 000 | 01168cam a2200361 a 4500 | ||
|---|---|---|---|
| 001 | 13378045 | ||
| 003 | OSt | ||
| 005 | 20140310182708.0 | ||
| 008 | 031020s2005 xxua f 000 0 eng | ||
| 010 | _a 2003114320 | ||
| 020 | _a0534424538 | ||
| 035 | _a(DLC) 2003114320 | ||
| 040 |
_aDLC _cDLC _dDLC |
||
| 050 | 0 | 0 |
_aQD 45 _b.Sl634 2005 |
| 082 | 0 | 0 |
_aM 542.22 _bSl5 2005 |
| 100 | 1 | _aSlowinski, Emil J. | |
| 245 | 1 | 0 |
_aChemical principles in the laboratory _cSlowinski, Emil J. |
| 250 | _a8th ed. | ||
| 260 |
_aUnited States _bThomson/Wadsworth _cc2005 |
||
| 300 |
_a374 p. _bill. _c28 cm. |
||
| 440 | 0 | _aBrooks/Cole laboratory series for general chemistry | |
| 521 | _aHigh School to College Students | ||
| 526 | _c0L-1700L | ||
| 541 | _j1 | ||
| 541 | _j2 | ||
| 562 | _e2 | ||
| 650 | 0 |
_aChemistry _vLaboratory manuals. |
|
| 700 | 1 | _aWolsey, Wayne C. | |
| 700 | 1 |
_aMasterton, William L., _d1927- |
|
| 906 |
_a7 _bcbc _corignew _d3 _eepcn _f20 _gy-gencatlg |
||
| 942 |
_2lcc _cBK _kM |
||
| 999 |
_c15225 _d15225 |
||